000
00316nam a2200133Ia 4500
008
231129s2003||||xx |||||||||||||| ||spa||
040
_b
spa
082
_a
Cu861 C157m
100
_a
Callejas Jesús I.
245
0
_a
Proyecto Arcadia
260
_c
2003
264
_a
Ediciones la Cueva de Sibila
942
_2
ddc
_c
BKS
999
_c
23411
_d
23411